| 000 | 00590nam a22001577a 4500 | ||
|---|---|---|---|
| 005 | 20250923145953.0 | ||
| 100 | _aMaiti, M. | ||
| 245 | _aAdvancing sustainability in the off-highway equipment industry: Role of polymeric materials | ||
| 260 | _bInternational Rubber Conference-Rubber Con 2024: Sustainable Development in Rubber Industry-Challenges and Opportunities, 5-7 December 2024, Indian Rubber Institute, Kochi, India, p. 82. | ||
| 300 | _bAbstract only | ||
| 650 | _aSustainability | ||
| 650 | _aPolymer | ||
| 650 | _aOff-highway equipment | ||
| 700 | _aCarter, K. | ||
| 942 | _cJS | ||
| 999 |
_c75637 _d75637 |
||